000 00677nam a22002177a 4500
003 UA-OsUOA
001 39689
007 ta
008 20080516b un ||||| |||| 00| 0 ukr d
090 _a082
_bС71
942 _cBK
040 _aUA-OsUOA
_bukr
_cUA-OsUOA
_dUA-OsUOA
245 _aСпеціальні історичні дисципліни: питання теорії та методики
_bЧисло 13
_cУ двох частинах
300 _a359 с.
955 _a1
041 _aukr
080 _a082
260 _aК.
_bІнститут історії України
_c2006
650 7 _a08 Видання. Колективні праці
_2UDC
999 _c438198
_d438198